000 00244nam a22000857a 4500
008 170623b xxu||||| |||| 00| 0 eng d
100 _93647
_aJain. T. R
245 _aIntroductory micro economics & macro economics XII
260 _aNew delhi
_bV. K
_c2010
999 _c7042
_d7042